Statistics for New York Knicks: Leading Scorer Every Year

Click here to take the quiz!

General Stats

  • This quiz has been taken 716 times
    (307 since last reset)
  • The average score is 38 of 77

Answer Stats

YearPlayerAverage% Correct
2022-2023Julius Randle25.1
97%
2021-2022Julius Randle20.1
97%
2020-2021Julius Randle24.1
97%
1996-1997Patrick Ewing22.4
97%
1987-1988Patrick Ewing20.2
97%
1988-1989Patrick Ewing22.7
97%
1989-1990Patrick Ewing28.6
97%
1990-1991Patrick Ewing26.6
97%
1991-1992Patrick Ewing24.0
97%
1993-1994Patrick Ewing24.5
97%
1994-1995Patrick Ewing23.9
97%
1995-1996Patrick Ewing22.5
97%
1992-1993Patrick Ewing24.2
97%
1997-1998Patrick Ewing20.8
97%
1998-1999Patrick Ewing17.3
97%
1985-1986Patrick Ewing20.0
97%
2011-2012Carmelo Anthony22.6
96%
2016-2017Carmelo Anthony22.4
96%
2012-2013Carmelo Anthony28.7
96%
2015-2016Carmelo Anthony21.8
96%
2014-2015Carmelo Anthony24.2
96%
2013-2014Carmelo Anthony27.4
96%
2010-2011Carmelo Anthony26.3
96%
1973-1974Walt Frazier20.5
79%
1974-1975Walt Frazier21.5
79%
1971-1972Walt Frazier23.2
79%
1970-1971Walt Frazier21.7
79%
1972-1973Walt Frazier21.1
79%
1969-1970Willis Reed21.7
74%
1968-1969Willis Reed21.1
74%
1967-1968Willis Reed20.8
74%
1966-1967Willis Reed20.9
74%
1964-1965Willis Reed19.5
74%
1983-1984Bernard King26.3
52%
1986-1987Bernard King22.7
52%
1984-1985Bernard King32.9
52%
1982-1983Bernard King21.9
52%
2017-2018Kristaps Porzingis22.7
46%
1999-2000Allan Houston19.7
43%
2001-2002Allan Houston20.4
43%
2000-2001Allan Houston18.7
43%
2002-2003Allan Houston22.5
43%
1975-1976Earl Monroe20.7
35%
2005-2006Stephon Marbury16.3
29%
2003-2004Stephon Marbury19.8
29%
2004-2005Stephon Marbury21.7
29%
1962-1963Richie Guerin21.5
23%
1961-1962Richie Guerin29.5
23%
1959-1960Richie Guerin21.8
23%
2009-2010David Lee20.2
20%
2018-2019Tim Hardaway, Jr.19.1
20%
2007-2008Jamal Crawford20.6
15%
1976-1977Bob McAdoo26.7
12%
1977-1978Bob McAdoo26.5
12%
1978-1979Bob McAdoo26.9
12%
2019-2020Marcus Morris19.6
12%
1965-1966Walt Bellamy23.2
12%
1981-1982Michael Ray Richardson17.9
11%
2006-2007Eddy Curry19.5
10%
1979-1980Bill Cartwright21.7
8%
1980-1981Bill Cartwright20.1
8%
1956-1957Harry Gallatin15.0
8%
2008-2009Al Harrington20.7
4%
1952-1953Carl Braun14.0
4%
1948-1949Carl Braun14.2
4%
1949-1950Carl Braun15.4
4%
1947-1948Carl Braun14.3
4%
1955-1956Carl Braun15.4
4%
1953-1954Carl Braun14.8
4%
1954-1955Carl Braun15.1
4%
1958-1959Kenny Sears21.0
3%
1957-1958Kenny Sears18.6
3%
1960-1961Willie Naulls23.4
3%
1963-1964Bob Boozer17.5
2%
1951-1952Max Zaslofsky14.1
2%
1946-1947Bud Palmer9.5
1%
1950-1951Vince Boryla14.9
1%

Score Distribution

Percentile by Number Answered

Percent of People with Each Score

Your Score History

You have not taken this quiz since the last reset